[Event "Norman Weasel op"]
[Site "Norman"]
[Date "2004.06.27"]
[Round "4"]
[White "Movsisyan, Movses"]
[Black "Unruh, Chuck D"]
[Result "1-0"]
[WhiteElo "2253"]
[BlackElo "2145"]
[PlyCount "77"]
[EventDate "2004.06.26"]
[EventType "swiss"]
[EventRounds "5"]
[EventCountry "USA"]
[EventCategory "1"]
[SourceTitle "EXT 2006"]
[Source "ChessBase"]
[SourceDate "2005.11.24"]
[SourceVersion "1"]
[SourceVersionDate "2005.11.24"]
[SourceQuality "1"]

1. e4 d6 2. d4 Nf6 3. Nc3 g6 4. Nf3 Bg7 5. Bc4 0-0 6. 0-0 c6 7. e5 Ne8 8. e6 fxe6 9. Re1 d5 10. Bd3 c5 11. dxc5 Nc6 12. Bb5 Qa5 13. Bxc6 bxc6 14. Be3 Rb8 15. Bd4 Bxd4 16. Qxd4 Rb4 17. Qe3 Nf6 18. h3 Rxb2 19. Nd4 Qc7 20. Nxe6 Bxe6 21. Qxe6+ Rf7 22. Qe2 Qa5 23. Qd3 Qb4 24. Rab1 Rxb1 25. Rxb1 Qxc5 26. Na4 Qa5 27. Qd4 Qc7 28. Nc5 e5 29. Qc3 Qd6 30. a4 Kg7 31. a5 d4 32. Qc4 Nd7 33. Ne6+ Kf6 34. Ng5 Kxg5 35. Qxf7 Nf6 36. Qxa7 h5 37. a6 Nd5 38. Qa8 Nf4 39. a7 1-0

[Event "Oklahoma op 59th"]
[Site "Broken Arrow"]
[Date "2004.05.22"]
[Round "1"]
[White "Spencer, Cris"]
[Black "Unruh, Chuck D"]
[Result "0-1"]
[WhiteElo "1790"]
[BlackElo "2152"]
[PlyCount "68"]
[EventDate "2004.05.22"]
[EventType "swiss"]
[EventRounds "5"]
[EventCountry "USA"]
[SourceTitle "EXT 2006"]
[Source "ChessBase"]
[SourceDate "2005.11.24"]
[SourceVersion "1"]
[SourceVersionDate "2005.11.24"]
[SourceQuality "1"]

1. e4 d6 2. d4 Nf6 3. Nc3 g6 4. Bc4 Bg7 5. Nf3 0-0 6. 0-0 c6 7. Bg5 b5 8. Bb3 b4 9. e5 bxc3 10. exf6 exf6 11. Bc1 cxb2 12. Bxb2 Nd7 13. Ba3 Nb6 14. Qd2 a5 15. c3 a4 16. Bc2 Nc4 17. Qc1 Re8 18. Re1 Bf8 19. Bd3 Rxe1+ 20. Nxe1 Nxa3 21. Qxa3 d5 22. Qb2 Bd6 23. a3 Qc7 24. Kh1 Rb8 25. Qe2 Bd7 26. Nc2 Rb3 27. Nb4 Bxh2 28. Na6 Qf4 29. Nc5 Qh4 30. Qe1 Rb2 31. g4 Bg3+ 32. Kg2 Qh2+ 33. Kf3 Rxf2+ 34. Ke3 Bf4# 0-1